000
00281nam a2200121Ia 4500
008
190216s9999||||xx |||||||||||||| ||und||
100
_a
Ganesh Paniyath
245
0
_a
Pranayathilekulla Vazhikal
260
_b
Orient Publishers
300
_a
48
650
_a
Malayalam
942
_c
BK
999
_c
28865
_d
28865